Песни Noize MC - Армагеддон - Statistics

General Stats
  • This quiz has been taken 107 times
  • The average score is 7 of 25
Answers on the Grid
Answers color-coded by a green-red scale on the quiz's grid according to % correct below.
Вахтёрам
Лето в столице
Наши юные смешные голоса
Светлая полоса
Из окна
Ничего нового
Вояджер-1
Орбит без сахара
Коррозия хип-хопа
Жизнь в полицейском государстве
Радиосигналы
Выдыхай
Сила ума
Мизантроп-рэп
Суицид
Пойдём в макдак
Не все дома
Всего лишь писатель
Иллюзия свободы
Я люблю людей
Влиятельные покровители
Номера
Жечь электричество
Девочка-скинхед
Напитки покрепче
Слово мэра
За закрытой дверью
Границы гетто
Какая жалость
Под белым флагом
Сгораю
Кури бамбук
Нет расизма - нет проблем
Всё как у людей
Нас прессуют
Глаза ментов
Чайлдфри
Мерседес S666
Дзэн и искусство ухода за АК-47
Мой город
Сид и Нэнси
Никто не пострадал
Песня для радио
Устрой Destroy
Воины света
Поезд в сторону Арбатской
Это было в России
Мы всего добились сами
Кислотный дождь
Ворованный воздух
 
Answer Stats
Answer % Correct
Светлая полоса
70%
Из окна
63%
Вояджер-1
54%
Чайлдфри
46%
Выдыхай
39%
Лето в столице
35%
Устрой Destroy
35%
Всё как у людей
31%
Девочка-скинхед
30%
Не все дома
28%
Песня для радио
26%
За закрытой дверью
24%
Коррозия хип-хопа
22%
Мизантроп-рэп
20%
Какая жалость
19%
Суицид
17%
Сгораю
17%
Кислотный дождь
17%
Никто не пострадал
15%
Жечь электричество
13%
Под белым флагом
13%
Мерседес S666
13%
Влиятельные покровители
11%
Кури бамбук
11%
Мы всего добились сами
6%
No matching quizzes found
Score Distribution
Percent of People with Each Score
Percentile by Number Answered
Your Score History
You have not taken this quiz